| 000 | 00577nam a2200217Ia 4500 | ||
|---|---|---|---|
| 008 | 220204s9999 xx 000 0 und d | ||
| 020 | _a9780128174128 | ||
| 082 |
_a631/635 _bADV.18 |
||
| 100 | _aSPARKS, Donal L | ||
| 245 | 0 | _aAdvances in agronomy. Vol.158 | |
| 260 |
_aCambridge _bAcademic Press _c2019 |
||
| 300 | _a326p. | ||
| 650 | _aBiochar effects | ||
| 650 | _aNational academy of Sciences prize | ||
| 650 | _aRemote sensing | ||
| 650 | _aSandy soil | ||
| 650 | _aSoil organic carbon | ||
| 650 | _aSoil phosphorous | ||
| 650 | _aSoil salinity | ||
| 942 | _cBK | ||
| 999 |
_c43254 _d43254 |
||